Southville International School and Colleges
Your cart is empty.
  • Cart
  • Lists
    Public lists Eva Luna New books Lux_list list_1
    Your lists Log in to create your own lists
  • Log in to your account
  • Your cookies
  • Search history
Southville International School and Colleges
  • Advanced search
  • Recent comments
  • Most popular
  • Libraries

Log in to your account

Log in with GOOGLE


If you do not have an external account, but do have a local account, you can still log in:

  1. Home
  2. MARC view: Health economics :
Normal view MARC view ISBD view

Health economics : (Record no. 357615)

[ view plain ]
MARC details
000 -LEADER
fixed length control field 00637nam a2200253Ia 4500
008 - FIXED-LENGTH DATA ELEMENTS--GENERAL INFORMATION
fixed length control field 180523s9999 xx 000 0 und d
020 ## - INTERNATIONAL STANDARD BOOK NUMBER
International Standard Book Number 9812-53-090-8
050 ## - LIBRARY OF CONGRESS CALL NUMBER
Classification number MAIN RA 410
050 ## - LIBRARY OF CONGRESS CALL NUMBER
Item number .G48 2004 c.2
100 ## - MAIN ENTRY--PERSONAL NAME
Personal name Getzen, Thomas E.
245 #0 - TITLE STATEMENT
Title Health economics :
245 #0 - TITLE STATEMENT
Remainder of title fundamentals and flow of funds /
245 #0 - TITLE STATEMENT
Statement of responsibility, etc Thomas E. Getzen.
250 ## - EDITION STATEMENT
Edition statement 2nd Edition
260 ## - PUBLICATION, DISTRIBUTION, ETC. (IMPRINT)
Place of publication, distribution, etc New York :
260 ## - PUBLICATION, DISTRIBUTION, ETC. (IMPRINT)
Name of publisher, distributor, etc Wiley,
260 ## - PUBLICATION, DISTRIBUTION, ETC. (IMPRINT)
Date of publication, distribution, etc 2004
300 ## - PHYSICAL DESCRIPTION
Extent 438 pages :
300 ## - PHYSICAL DESCRIPTION
Dimensions 25 cm.
500 ## - GENERAL NOTE
General note Includes index.
650 ## - SUBJECT ADDED ENTRY--TOPICAL TERM
Topical term or geographic name as entry element Flow of funds.
650 ## - SUBJECT ADDED ENTRY--TOPICAL TERM
Topical term or geographic name as entry element Medical economics.
650 ## - SUBJECT ADDED ENTRY--TOPICAL TERM
General subdivision Medical care, Cost of.
Holdings
Withdrawn status Lost status Damaged status Home library Current library Shelving location Date acquired Cost, normal purchase price Total Checkouts Full call number Barcode Date last seen Price effective from Koha item type
      South Mansfield College South Mansfield College   03/07/2005 395.00   MAIN RA 410 .G48 2004 c.2 SMC02094 05/23/2018 05/23/2018  

Health economics :

APA

Getzen T. E., .Health economics. New York: .

Chicago

Getzen Thomas E, .Health economics. New York: .

Harvard

Getzen T. E., .Health economics. New York: .

MLA

Getzen Thomas E, .New York: . .

  • Place hold
  • Print
  • Cite
  • Add to your cart (remove)
  • Save record
    BIBTEX Dublin Core MARCXML MARC (non-Unicode/MARC-8) MARC (Unicode/UTF-8) MARC (Unicode/UTF-8, Standard) MODS (XML) RIS
  • More searches
    Search for this title in:
    Other Libraries (WorldCat) Other Databases (Google Scholar) Online Stores (Bookfinder.com) Open Library (openlibrary.org)

Exporting to Dublin Core...

SOUTHVILLE LIBRARY

Southville International School and Colleges Library

1281 Tropical Ave. Cor. Luxembourg St., BF Homes International, Las Pinas City

Tel. No. 8256374 / 252358 Loc. 117/146

Powered by Koha